Industrial Robotics (Record no. 24675)
[ view plain ]
| 000 -LEADER | |
|---|---|
| fixed length control field | 00305nam a2200145Ia 4500 |
| 082 ## - DEWEY DECIMAL CLASSIFICATION NUMBER | |
| Classification number | 629.892 |
| Item number | GRO/WEI |
| 100 ## - MAIN ENTRY--PERSONAL NAME | |
| Personal name | Groover/ M.P. |
| 245 ## - TITLE STATEMENT | |
| Title | Industrial Robotics |
| 260 ## - PUBLICATION, DISTRIBUTION, ETC. | |
| Name of publisher, distributor, etc. | McGraw - Hill |
| Place of publication, distribution, etc. | Bombay |
| Date of publication, distribution, etc. | 1986 |
| 300 ## - PHYSICAL DESCRIPTION | |
| Extent | 546 |
| 546 ## - LANGUAGE NOTE | |
| Language note | ENGLISH |
| 654 ## - SUBJECT ADDED ENTRY--FACETED TOPICAL TERMS | |
| Focus term | Robotics |
| 942 ## - ADDED ENTRY ELEMENTS (KOHA) | |
| Koha item type | BOOK |
| Withdrawn status | Lost status | Damaged status | Not for loan | Collection | Home library | Current library | Date acquired | Total Checkouts | Total Renewals | Full call number | Barcode | Date last seen | Date last checked out | Price effective from | Koha item type |
|---|---|---|---|---|---|---|---|---|---|---|---|---|---|---|---|
| CRC | Fr. Agnel's C.Rodrigues College of Engineering | Fr. Agnel's C.Rodrigues College of Engineering | 17/03/2023 | 1 | 1 | 629.892 GRO/WEI | 10580 | 06/08/2024 | 05/06/2023 | 17/03/2023 | BOOK | ||||
| CRC | Fr. Agnel's C.Rodrigues College of Engineering | Fr. Agnel's C.Rodrigues College of Engineering | 17/03/2023 | 629.892 GRO/WEI | 10581 | 17/03/2023 | 17/03/2023 | BOOK |